BIBLIOTHÈQUE DE LA MAISON DU MEXIQUE

Logo 1 Logo 2

Siete autores mexicanos (notice nᵒ 5347)

détails MARC
000 -Sello discográfico
campo de control de longitud fija 01307nam0a2200277 4500
005 - Identificación de versión
campo de control 20251016084448.0
010 ## - Número Estándar Internacional de Libros (ISBN)
ISBN erróneo 968-461-236-4
035 ## - Otros números de control del sistema
Número de control del sistema 33002
099 ## - fechas locales
Tipo de ítem Koha LIBRO
100 ## - Datos de procesamiento general
Datos de procesamiento general 20111109d1999 m y0spay5003 ba
105 ## - Campo de datos codificados: Material textual, monográfico
Datos codificados de monografía y 001by
200 1# - Título y mención de responsabilidad
Título propio Siete autores mexicanos
Designación general del material texto impreso
Otra información del título Héctor Berthier, Reynaldo Carballido, Dante del Castillo, Ricardo Pérez Quitt, Norma Román Calvo, Miguel Angel Tenorio, Gerardo Velásquez
Primer mención de responsabilidad Prólogo Olga Harmony
205 ## - Declaración de edición
Declaración de edición 1a ed
210 ## - Publicación, distribución, etc.
Lugar de publicación, distribución, etc. México
Nombre del editor, distribuidor, etc. Arbol Editorial
Fecha de publicación, distribución, etc. 1999
215 ## - Descripción física
Designación de material específico y extensión del ítem 239 p
Dimensiones 21 cm
327 1# - Nota de contenidos
Texto de la nota Héctor Berthier : Más desmadre.- Reynaldo Carballido : Paso de mosca.- Dante del Castillo : Se vistió de novia.- Ricardo Pérez Quitt : Herbolaria.- Norma Román Calvo : Delgadina y la reina, su madrina.- Miguel Angel Tenorio : Las manos limpias o las operaciones encubiertas.- Gerardo Velásquez : Mujer sin paraíso. Cae la sombra y la vida es tan larga
345 ## - Nota de información de adquisición
Fuente de adquisición/dirección de la suscripción [OBSOLETO] Donación 'Salon du Livre 2009'
410 #1 - Series
Título Obras selectas del teatro mexicano
Nombre de parte o sección Teatro vivo contemporáneo
702 ## - Nombre personal - Responsabilidad secundaria
Elemento de entrada Harmony
Parte del nombre distinta del elemento de entrada Olga
Número Koha 10627
801 #0 - Fuente de origen
País FR
Agencia cm
Reglas de catalogación (convenciones descriptivas) AFNOR
900 ## -
-- 1/20810
942 ## - ELEMENTOS DE ENTRADA SECUNDARIOS (KOHA)
Tipo de ítem Koha Livre
996 ## -
-- MEX
-- 751145101
-- MMAG
-- 000728
-- 862.4 B541S
-- 20111109LIV
Exemplaires
Estatus retirado Estado de daño Estado de pérdida Fecha de adquisición Biblioteca de origen Biblioteca actual Ubicación en estantería Código de barras Precio de reemplazo Signatura topográfica completa No para préstamo Tipo de ítem Koha Nota pública Nota no pública
      05/08/2025 Casa México Paris Casa México Paris   000728 05/08/2025 862.4 B541S   Livre 20111109LIV 751145101